[Event "EU-Cup (Women) 27th"]
[Site "Durres"]
[Date "2023.10.04"]
[Round "4.2"]
[White "Wagner, Dinara"]
[Black "Martynkova, Olena"]
[Result "1-0"]
[WhiteElo "2461"]
[BlackElo "2229"]
[PlyCount "75"]
[EventDate "2023.10.01"]
[EventType "team-swiss"]
[EventRounds "7"]
[EventCountry "ALB"]
[SourceTitle "EXT 2024"]
[Source "ChessBase"]
[SourceDate "2023.10.10"]
[SourceVersion "1"]
[SourceVersionDate "2023.10.10"]
[SourceQuality "1"]
[WhiteTeam "Superchess"]
[BlackTeam "Panevezys (W)"]
[WhiteTeamCountry "ROU"]
[BlackTeamCountry "LTU"]

1. d4 d5 2. c4 c6 3. Nf3 Nf6 4. e3 g6 5. Nc3 Bg7 6. Be2 0-0 7. 0-0 c5 8. dxc5 dxc4 9. Bxc4 Nbd7 10. Qe2 Nxc5 11. Rd1 Qc7 12. Bd2 Be6 13. Rac1 Bxc4 14. Qxc4 Rac8 15. b4 Ne6 16. Qb3 Qb8 17. h3 Rfd8 18. e4 Nd4 19. Nxd4 Rxd4 20. Be3 Rxd1+ 21. Rxd1 Ng4 22. hxg4 Bxc3 23. b5 e6 24. Rd7 Ba5 25. Bh6 Qe5 26. Qf3 f6 27. Rg7+ Kh8 28. Rf7 g5 29. Qxf6+ Qxf6 30. Rxf6 Rg8 31. Rxe6 Bd2 32. g3 b6 33. Kg2 Bc1 34. Re5 Bd2 35. Rf5 Bc1 36. Rf8 Bd2 37. Rxg8+ Kxg8 38. f4 1-0

[Event "EU-ch Rapid"]
[Site "Katowice"]
[Date "2022.12.18"]
[Round "9"]
[White "Klenburg, Mikhail"]
[Black "Martynkova, Olena"]
[Result "0-1"]
[WhiteElo "2347"]
[BlackElo "2227"]
[PlyCount "66"]
[EventDate "2022.12.17"]
[EventType "swiss (rapid)"]
[EventRounds "11"]
[EventCountry "POL"]
[SourceTitle "CBM 211 Extra"]
[Source "ChessBase"]
[SourceDate "2023.01.31"]
[SourceVersion "1"]
[SourceVersionDate "2023.01.31"]
[SourceQuality "1"]

1. g3 d5 2. Bg2 Nf6 3. d3 g6 4. Nf3 Bg7 5. 0-0 0-0 6. Nbd2 c5 7. e4 Nc6 8. Re1 e6 9. c3 a5 10. a4 b6 11. h3 Ba6 12. exd5 exd5 13. Nb3 Qd7 14. Bf4 Qf5 15. d4 cxd4 16. Nbxd4 Nxd4 17. Nxd4 Qd7 18. Qb3 Nh5 19. Be3 Bc4 20. Qc2 Nf6 21. b3 Ba6 22. Rad1 Rac8 23. f3 Qc7 24. g4 Qxc3 25. Qf2 Rfe8 26. Rc1 Qb4 27. Rxc8 Rxc8 28. Bf1 Bxf1 29. Rxf1 Re8 30. Rd1 Qc3 31. Nc2 Qxb3 32. Bxb6 Rc8 33. Ne3 Qxb6 0-1

[Event "LTU-ch Rapid"]
[Site "Taujenai"]
[Date "2022.12.04"]
[Round "9"]
[White "Gavenavicius, Karolis"]
[Black "Martynkova, Olena"]
[Result "0-1"]
[WhiteElo "1925"]
[BlackElo "2155"]
[PlyCount "82"]
[EventDate "2022.12.03"]
[EventType "swiss (rapid)"]
[EventRounds "10"]
[EventCountry "LTU"]
[SourceTitle "CBM 211 Extra"]
[Source "ChessBase"]
[SourceDate "2023.01.31"]
[SourceVersion "1"]
[SourceVersionDate "2023.01.31"]
[SourceQuality "1"]

1. d4 Nf6 2. c4 g6 3. Nc3 Bg7 4. e4 d6 5. Be2 0-0 6. Be3 e5 7. d5 Na6 8. g4 Nc5 9. f3 c6 10. h4 cxd5 11. cxd5 Bd7 12. b4 Na6 13. Qb3 h5 14. g5 Nh7 15. Nh3 f6 16. Kd2 fxg5 17. Nxg5 Nxg5 18. Bxg5 Qb6 19. a3 Qd4+ 20. Kc2 Rac8 21. Bd2 Nc7 22. a4 b5 23. a5 Na6 24. Rab1 Kh7 25. Rhd1 Qf2 26. Kd3 Rc4 27. Be3 Qxh4 28. Na2 Bh6 29. Bxh6 Kxh6 30. Rbc1 Rfc8 31. Qb1 Qf2 32. Rxc4 Rxc4 33. Qb2 Rd4+ 34. Kc3 Qe3+ 35. Bd3 Qxf3 36. Qd2+ Kg7 37. Kb2 Bg4 38. Qg5 Qxd1 39. Qe7+ Kh6 40. Qf8+ Kg5 41. Qe7+ Kf4 0-1

[Event "LTU-ch Rapid"]
[Site "Taujenai"]
[Date "2022.12.04"]
[Round "6"]
[White "Martynkova, Olena"]
[Black "Bazilius, Augustinas"]
[Result "1/2-1/2"]
[WhiteElo "2155"]
[BlackElo "1949"]
[PlyCount "82"]
[EventDate "2022.12.03"]
[EventType "swiss (rapid)"]
[EventRounds "10"]
[EventCountry "LTU"]
[SourceTitle "CBM 211 Extra"]
[Source "ChessBase"]
[SourceDate "2023.01.31"]
[SourceVersion "1"]
[SourceVersionDate "2023.01.31"]
[SourceQuality "1"]

1. d4 Nf6 2. Nf3 g6 3. Bf4 Bg7 4. e3 d6 5. h3 0-0 6. Be2 Nbd7 7. 0-0 c5 8. c3 b6 9. a4 a6 10. Nbd2 Bb7 11. Re1 Rc8 12. Bf1 d5 13. Ne5 Nxe5 14. Bxe5 c4 15. Bxf6 Bxf6 16. e4 dxe4 17. Bxc4 e5 18. d5 e3 19. fxe3 Bxd5 20. Bxa6 Ra8 21. Bc4 Bc6 22. Nf3 Qxd1 23. Rexd1 Bxa4 24. Rd6 Be7 25. Rxb6 Bc5 26. Ra6 Bxe3+ 27. Kh1 Rxa6 28. Bxa6 Bc6 29. Nxe5 Bd5 30. Bc4 Bf4 31. Nd7 Ra8 32. Rxa8+ Bxa8 33. Nf6+ Kg7 34. Ne8+ Kf8 35. Nf6 Kg7 36. Nd7 Bc1 37. b4 Bd2 38. Nb6 Be4 39. b5 Bxc3 40. Bd5 Bd4 41. Bxe4 Bxb6 1/2-1/2

[Event "EU-ch (Women) 22nd"]
[Site "Prague"]
[Date "2022.08.30"]
[Round "10"]
[White "Martynkova, Olena"]
[Black "Daulyte Cornette, Deimante"]
[Result "1/2-1/2"]
[WhiteElo "2182"]
[BlackElo "2384"]
[PlyCount "134"]
[EventDate "2022.08.20"]
[EventType "swiss"]
[EventRounds "11"]
[EventCountry "CZE"]
[SourceTitle "CBM 209 Extra"]
[Source "ChessBase"]
[SourceDate "2022.09.30"]
[SourceVersion "1"]
[SourceVersionDate "2022.09.30"]
[SourceQuality "1"]

1. d4 Nf6 2. Nf3 d5 3. g3 g6 4. Bg2 c6 5. c4 dxc4 6. a4 h6 7. 0-0 Be6 8. Nc3 Bg7 9. e4 Na6 10. Qe2 Nb4 11. e5 Nfd5 12. Ne4 Nd3 13. Bd2 0-0 14. b3 b5 15. bxc4 bxc4 16. Ne1 N5b4 17. Be3 f5 18. exf6 exf6 19. Nxd3 cxd3 20. Qd2 Nc2 21. Rad1 Bg4 22. f3 Nxe3 23. Qxe3 f5 24. Nf2 f4 25. Qxd3 Bf5 26. Qc4+ Qd5 27. Qxd5+ cxd5 28. Bh3 Bxh3 29. Nxh3 fxg3 30. hxg3 g5 31. f4 g4 32. Nf2 h5 33. Kg2 Rab8 34. Nd3 Bxd4 35. f5 Be3 36. Nf4 Rb2+ 37. Kh1 Bxf4 38. Rxf4 Re8 39. f6 Kf7 40. Rf5 Ree2 41. Rxh5 d4 42. Rd5 Rh2+ 43. Kg1 Rbg2+ 44. Kf1 Rf2+ 45. Kg1 Rhg2+ 46. Kh1 Rxg3 47. R5xd4 Rgg2 48. Rd7+ Kxf6 49. Rxa7 Rh2+ 50. Kg1 Rhg2+ 51. Kh1 Kg5 52. Rh7 Kf4 53. Rg1 Rxg1+ 54. Kxg1 Kg3 55. Rb7 Rg2+ 56. Kh1 Ra2 57. Rb3+ Kf2 58. Kh2 Rxa4 59. Rb2+ Kf3 60. Rb3+ Kf4 61. Kg2 Ra2+ 62. Kg1 Kg5 63. Rc3 Kh4 64. Rb3 Ra1+ 65. Kg2 Ra2+ 66. Kg1 g3 67. Rb8 Ra1+ 1/2-1/2

[Event "EU-ch (Women) 22nd"]
[Site "Prague"]
[Date "2022.08.28"]
[Round "8"]
[White "Antolak, Julia"]
[Black "Martynkova, Olena"]
[Result "1/2-1/2"]
[WhiteElo "2378"]
[BlackElo "2182"]
[PlyCount "127"]
[EventDate "2022.08.20"]
[EventType "swiss"]
[EventRounds "11"]
[EventCountry "CZE"]
[SourceTitle "CBM 209 Extra"]
[Source "ChessBase"]
[SourceDate "2022.09.30"]
[SourceVersion "1"]
[SourceVersionDate "2022.09.30"]
[SourceQuality "1"]

1. e4 e5 2. Nf3 d6 3. d4 exd4 4. Nxd4 Nf6 5. Nc3 Be7 6. g3 0-0 7. Bg2 Re8 8. 0-0 c6 9. h3 a5 10. b3 Na6 11. Bb2 Nc5 12. Re1 Bf8 13. Qd2 a4 14. Rad1 axb3 15. axb3 Qb6 16. Kh2 g6 17. f3 Qb4 18. Nde2 Ne6 19. Nc1 Be7 20. Nd3 Qb6 21. Na4 Qa5 22. Bc3 Qc7 23. Qf2 Nd7 24. f4 b5 25. Nab2 Qb6 26. Qd2 Nec5 27. Nf2 Nf6 28. f5 Ncd7 29. Nbd3 Bb7 30. g4 Qc7 31. Kg1 Ne5 32. Nxe5 dxe5 33. g5 Nh5 34. Ng4 Bc5+ 35. Kh2 Bf8 36. Qd7 Qxd7 37. Rxd7 Bc8 38. Rd2 b4 39. Ba1 Ra5 40. Ne3 Ba6 41. Bf1 gxf5 42. exf5 Bxf1 43. Rxf1 e4 44. Nc4 Rd5 45. Re2 Bc5 46. Bb2 Ba7 47. Kg2 Bb8 48. Ne3 Nf4+ 49. Rxf4 Bxf4 50. Nxd5 cxd5 51. h4 h6 52. Kh3 hxg5 53. hxg5 Be5 54. Bxe5 Rxe5 55. Kg4 e3 56. Kf4 Re4+ 57. Kf3 Re5 58. Rxe3 Rxf5+ 59. Kg4 Rf2 60. c3 bxc3 61. Rxc3 Rd2 62. Kf5 Kg7 63. Rf3 Rd1 64. b4 1/2-1/2

[Event "EU-ch (Women) 22nd"]
[Site "Prague"]
[Date "2022.08.27"]
[Round "7"]
[White "Martynkova, Olena"]
[Black "Unuk, Laura"]
[Result "1/2-1/2"]
[WhiteElo "2182"]
[BlackElo "2350"]
[PlyCount "26"]
[EventDate "2022.08.20"]
[EventType "swiss"]
[EventRounds "11"]
[EventCountry "CZE"]
[SourceTitle "CBM 209 Extra"]
[Source "ChessBase"]
[SourceDate "2022.09.30"]
[SourceVersion "1"]
[SourceVersionDate "2022.09.30"]
[SourceQuality "1"]

1. d4 Nf6 2. Nf3 e6 3. Bf4 b6 4. e3 Bb7 5. Nbd2 Be7 6. h3 c5 7. c3 0-0 8. Bd3 Nc6 9. 0-0 d6 10. Qe2 Rc8 11. a3 d5 12. Ne5 Nxe5 13. Bxe5 Nd7 1/2-1/2

[Event "EU-ch (Women) 22nd"]
[Site "Prague"]
[Date "2022.08.25"]
[Round "6"]
[White "Schulze, Lara"]
[Black "Martynkova, Olena"]
[Result "1/2-1/2"]
[WhiteElo "2297"]
[BlackElo "2182"]
[PlyCount "51"]
[EventDate "2022.08.20"]
[EventType "swiss"]
[EventRounds "11"]
[EventCountry "CZE"]
[SourceTitle "CBM 209 Extra"]
[Source "ChessBase"]
[SourceDate "2022.09.30"]
[SourceVersion "1"]
[SourceVersionDate "2022.09.30"]
[SourceQuality "1"]

1. e4 e5 2. Nf3 d6 3. d4 exd4 4. Nxd4 Nf6 5. Nc3 Be7 6. g3 0-0 7. Bg2 Re8 8. 0-0 c6 9. a4 a5 10. h3 Na6 11. Re1 Nc5 12. g4 Bf8 13. Bf4 Qb6 14. Qd2 Qb4 15. b3 Nfd7 16. Rad1 Ne5 17. Bg3 Ned3 18. cxd3 Qxd4 19. Ne2 Qb4 20. Qxb4 axb4 21. Rb1 Nxd3 22. Red1 Nc5 23. Bxd6 Nxe4 24. Bxf8 Kxf8 25. Rd4 Nf6 26. Nf4 1/2-1/2

[Event "EU-ch (Women) 22nd"]
[Site "Prague"]
[Date "2022.08.24"]
[Round "5"]
[White "Roebers, Eline"]
[Black "Martynkova, Olena"]
[Result "0-1"]
[WhiteElo "2324"]
[BlackElo "2182"]
[PlyCount "54"]
[EventDate "2022.08.20"]
[EventType "swiss"]
[EventRounds "11"]
[EventCountry "CZE"]
[SourceTitle "CBM 209 Extra"]
[Source "ChessBase"]
[SourceDate "2022.09.30"]
[SourceVersion "1"]
[SourceVersionDate "2022.09.30"]
[SourceQuality "1"]

1. e4 e5 2. Nf3 d6 3. d4 exd4 4. Nxd4 Nf6 5. Nc3 Be7 6. Bf4 0-0 7. Qd2 Nc6 8. 0-0-0 Nxd4 9. Qxd4 a6 10. f3 b5 11. g4 c5 12. Qd2 b4 13. Ne2 Qa5 14. Kb1 Be6 15. b3 d5 16. e5 Nd7 17. Ng3 Rfe8 18. Bg5 Nxe5 19. Bxe7 Rxe7 20. f4 Bxg4 21. fxe5 Bxd1 22. Qxd1 Rxe5 23. Be2 Rae8 24. Rf1 Qc7 25. a4 bxa3 26. Ka2 Rxe2 27. Nxe2 Qe5 0-1

[Event "EU-ch (Women) 22nd"]
[Site "Prague"]
[Date "2022.08.20"]
[Round "1"]
[White "Martynkova, Olena"]
[Black "Zawadzka, Jolanta"]
[Result "0-1"]
[WhiteElo "2182"]
[BlackElo "2412"]
[PlyCount "74"]
[EventDate "2022.08.20"]
[EventType "swiss"]
[EventRounds "11"]
[EventCountry "CZE"]
[SourceTitle "CBM 209 Extra"]
[Source "ChessBase"]
[SourceDate "2022.09.30"]
[SourceVersion "1"]
[SourceVersionDate "2022.09.30"]
[SourceQuality "1"]

1. d4 d5 2. c4 e6 3. Nf3 Nf6 4. g3 dxc4 5. Bg2 a6 6. 0-0 Nc6 7. e3 Rb8 8. Nfd2 e5 9. Bxc6+ bxc6 10. dxe5 Ng4 11. Nxc4 Be6 12. Nbd2 Bb4 13. b3 h5 14. h4 g5 15. Nf3 Qxd1 16. Rxd1 Bxc4 17. bxc4 Bc3 18. Ba3 Bxa1 19. Rxa1 gxh4 20. gxh4 Rh6 21. c5 Re6 22. Kf1 Nxe5 23. Nd4 Rg6 24. Rc1 Kd7 25. Nf5 Rbg8 26. Ng3 Rxg3 27. fxg3 Rxg3 28. Kf2 Rh3 29. Rd1+ Ke6 30. Rd4 Ng4+ 31. Kg2 Rh2+ 32. Kf3 Rxa2 33. Ra4 f5 34. Kf4 Ne5 35. Kg5 Rg2+ 36. Kxh5 Kf6 37. Rxa6 Rg8 0-1

[Event "Olympiad Women-44"]
[Site "Chennai"]
[Date "2022.08.06"]
[Round "8.1"]
[White "Martynkova, Olena"]
[Black "Heredia Serrano, Carla Sofia"]
[Result "1-0"]
[WhiteElo "2213"]
[BlackElo "2090"]
[PlyCount "111"]
[EventDate "2022.07.29"]
[EventType "team-swiss"]
[EventRounds "11"]
[EventCountry "IND"]
[SourceTitle "CBM 210"]
[Source "ChessBase"]
[SourceDate "2022.10.31"]
[SourceVersion "1"]
[SourceVersionDate "2022.10.31"]
[SourceQuality "1"]
[WhiteTeam "Lithuania (W)"]
[BlackTeam "Ecuador (W)"]
[WhiteTeamCountry "LTU"]
[BlackTeamCountry "ECU"]

1. d4 d5 2. c4 dxc4 3. Nf3 Nf6 4. e3 Bg4 5. Bxc4 e6 6. 0-0 a6 7. Nc3 Nc6 8. Be2 Bd6 9. h3 Bh5 10. b3 0-0 11. Bb2 Qe7 12. Ne5 Bxe2 13. Nxc6 Bxd1 14. Nxe7+ Bxe7 15. Rfxd1 Rfd8 16. Rac1 Kf8 17. Kf1 Rd7 18. Ke2 Rad8 19. g4 Nd5 20. Ne4 f5 21. Nc5 Bxc5 22. dxc5 h6 23. c6 bxc6 24. gxf5 exf5 25. Rd4 Kf7 26. Rxc6 Rd6 27. Rc5 g6 28. Ba3 R6d7 29. Rc6 Ra8 30. Bb2 a5 31. Rc5 Rad8 32. Rxa5 Nf4+ 33. exf4 Rxd4 34. Bxd4 Rxd4 35. Rc5 Rd7 36. Rc6 Re7+ 37. Kf3 Rd7 38. h4 Kg7 39. b4 Rd3+ 40. Kg2 Rd4 41. Rxc7+ Kf6 42. Rc6+ Ke7 43. Rb6 Rxf4 44. a4 Rg4+ 45. Kh3 g5 46. h5 Kd7 47. a5 Kc7 48. b5 Rh4+ 49. Kg2 Rg4+ 50. Kf1 Ra4 51. Rc6+ Kb8 52. a6 Ra1+ 53. Kg2 Ra5 54. Rxh6 Rxb5 55. Rh7 Ka8 56. Rb7 1-0

[Event "Olympiad Women-44"]
[Site "Chennai"]
[Date "2022.08.03"]
[Round "6.1"]
[White "Shabanaj, Eglantina"]
[Black "Martynkova, Olena"]
[Result "1/2-1/2"]
[WhiteElo "1940"]
[BlackElo "2213"]
[PlyCount "92"]
[EventDate "2022.07.29"]
[EventType "team-swiss"]
[EventRounds "11"]
[EventCountry "IND"]
[SourceTitle "CBM 210"]
[Source "ChessBase"]
[SourceDate "2022.10.31"]
[SourceVersion "1"]
[SourceVersionDate "2022.10.31"]
[SourceQuality "1"]
[WhiteTeam "Albania (W)"]
[BlackTeam "Lithuania (W)"]
[WhiteTeamCountry "ALB"]
[BlackTeamCountry "LTU"]

1. Nf3 Nf6 2. g3 g6 3. Bg2 Bg7 4. d4 0-0 5. b3 d6 6. Bb2 e5 7. dxe5 Ng4 8. Nbd2 Nc6 9. 0-0 Ngxe5 10. Nxe5 Nxe5 11. Rb1 d5 12. e3 Bg4 13. f3 Be6 14. Qe2 Re8 15. Rfd1 c6 16. Nf1 Qe7 17. h3 f5 18. f4 Nd7 19. c4 dxc4 20. Bxg7 Kxg7 21. bxc4 Nc5 22. Rd4 Bf7 23. Rbd1 Qf6 24. g4 Rad8 25. g5 Qe7 26. Qb2 Kg8 27. h4 Rxd4 28. Rxd4 Na4 29. Qd2 Nb6 30. Kf2 Nxc4 31. Qd3 Qa3 32. Qxa3 Nxa3 33. Rd7 Rb8 34. e4 fxe4 35. Bxe4 Nb5 36. Ne3 Nc3 37. Bf3 Be6 38. Re7 Bf5 39. Bg4 Ne4+ 40. Kf3 Nd6 41. h5 Rf8 42. Bxf5 Nxf5 43. Nxf5 Rxf5 44. h6 Rf7 45. Re8+ Rf8 46. Re7 Rf7 1/2-1/2

[Event "Olympiad Women-44"]
[Site "Chennai"]
[Date "2022.08.02"]
[Round "5.1"]
[White "Martynkova, Olena"]
[Black "Houska, Jovanka"]
[Result "1/2-1/2"]
[WhiteElo "2213"]
[BlackElo "2360"]
[PlyCount "68"]
[EventDate "2022.07.29"]
[EventType "team-swiss"]
[EventRounds "11"]
[EventCountry "IND"]
[SourceTitle "CBM 210"]
[Source "ChessBase"]
[SourceDate "2022.10.31"]
[SourceVersion "1"]
[SourceVersionDate "2022.10.31"]
[SourceQuality "1"]
[WhiteTeam "Lithuania (W)"]
[BlackTeam "England (W)"]
[WhiteTeamCountry "LTU"]
[BlackTeamCountry "ENG"]

1. d4 d5 2. c4 e6 3. Nf3 Nf6 4. g3 Bb4+ 5. Bd2 Be7 6. Qc2 0-0 7. Bg2 c6 8. 0-0 Nbd7 9. Bf4 b6 10. cxd5 cxd5 11. Bc7 Qe8 12. Nc3 Ba6 13. Qa4 Qc8 14. Rfc1 Qb7 15. Nb5 Rfc8 16. Bf4 Bxb5 17. Qxb5 h6 18. Qd3 b5 19. Ne5 a5 20. Nxd7 Qxd7 21. Rxc8+ Rxc8 22. Rc1 b4 23. Rc2 Rc6 24. b3 Bd8 25. Be5 Qc8 26. Rxc6 Qxc6 27. Bxf6 gxf6 28. e4 dxe4 29. Bxe4 Qc1+ 30. Kg2 f5 31. Bf3 Bb6 32. d5 Qc5 33. Qd2 e5 34. d6 Qd4 1/2-1/2

[Event "LTU-ch sf"]
[Site "Vilnius"]
[Date "2022.04.10"]
[Round "5"]
[White "Martynkova, Olena"]
[Black "Bazilius, Augustinas"]
[Result "1-0"]
[WhiteElo "2203"]
[BlackElo "1963"]
[PlyCount "81"]
[EventDate "2022.04.08"]
[EventType "swiss"]
[EventRounds "9"]
[EventCountry "LTU"]
[SourceTitle "CBM 207 Extra"]
[Source "ChessBase"]
[SourceDate "2022.05.31"]
[SourceVersion "1"]
[SourceVersionDate "2022.05.31"]
[SourceQuality "1"]

1. d4 Nf6 2. c4 g6 3. Nf3 Bg7 4. g3 0-0 5. Bg2 d5 6. cxd5 Nxd5 7. 0-0 Nb6 8. Nc3 Nc6 9. e3 e5 10. d5 Na5 11. e4 c6 12. Bg5 f6 13. Be3 cxd5 14. Bxb6 Qxb6 15. Nxd5 Qd8 16. Qe2 Be6 17. Rfd1 Rf7 18. Nf4 Qe8 19. Nxe6 Qxe6 20. h4 Nc6 21. Qb5 Rd7 22. Bf1 Qe7 23. Bc4+ Kh8 24. Rxd7 Qxd7 25. Bd5 Qc7 26. Rc1 Rc8 27. Bxc6 bxc6 28. Qa6 Bf8 29. Kg2 Bb4 30. Qc4 Be7 31. h5 Kg7 32. h6+ Kf8 33. b4 Qb6 34. Qe6 Rc7 35. Nh4 Qxb4 36. Nxg6+ Ke8 37. Qg8+ Bf8 38. Rc4 Qd6 39. Nh4 Qe7 40. Nf5 Qa3 41. Ng7+ 1-0

[Event "LTU-ch sf"]
[Site "Vilnius"]
[Date "2022.04.08"]
[Round "1"]
[White "Martynkova, Olena"]
[Black "Zukauskas, Petras"]
[Result "1-0"]
[WhiteElo "2203"]
[BlackElo "1663"]
[PlyCount "87"]
[EventDate "2022.04.08"]
[EventType "swiss"]
[EventRounds "9"]
[EventCountry "LTU"]
[SourceTitle "CBM 207 Extra"]
[Source "ChessBase"]
[SourceDate "2022.05.31"]
[SourceVersion "1"]
[SourceVersionDate "2022.05.31"]
[SourceQuality "1"]

1. d4 Nf6 2. c4 e6 3. g3 d5 4. Nf3 c6 5. Bg2 g6 6. 0-0 Bg7 7. Nc3 0-0 8. Qc2 b6 9. Rd1 Bb7 10. e4 dxc4 11. e5 Nd5 12. Ne4 b5 13. Bg5 Qc7 14. Qd2 Nd7 15. Nd6 f6 16. exf6 N7xf6 17. Nxb7 Ne4 18. Qe2 Nxg5 19. Nxg5 Qxb7 20. Qxe6+ Kh8 21. Qh3 h6 22. Re1 Rae8 23. Ne6 Rf6 24. Re4 Qf7 25. Rae1 Re7 26. Nd8 Qf8 27. Rxe7 Nxe7 28. Qd7 Ng8 29. Ne6 Qf7 30. Qxf7 Rxf7 31. Bxc6 a6 32. Nxg7 Kxg7 33. a4 bxa4 34. Rc1 Rc7 35. Rxc4 Ne7 36. d5 Kf6 37. Rxa4 Ra7 38. b4 Ke5 39. b5 Nc8 40. Rxa6 Rxa6 41. bxa6 Na7 42. Kg2 Kd6 43. Kf3 Kc7 44. Kf4 1-0

[Event "UKR-ch (Women) 81st"]
[Site "Kharkov"]
[Date "2021.12.17"]
[Round "9"]
[White "Berdnyk, Mariia"]
[Black "Martynkova, Olena"]
[Result "1/2-1/2"]
[WhiteElo "2307"]
[BlackElo "2180"]
[PlyCount "111"]
[EventDate "2021.12.08"]
[EventType "tourn"]
[EventRounds "9"]
[EventCountry "UKR"]
[SourceTitle "CBM 205 Extra"]
[Source "ChessBase"]
[SourceDate "2022.01.31"]
[SourceVersion "1"]
[SourceVersionDate "2022.01.31"]
[SourceQuality "1"]

1. d4 d5 2. c4 c6 3. Nf3 Nf6 4. Qc2 g6 5. Bf4 Bg7 6. e3 0-0 7. h3 c5 8. Nc3 cxd4 9. Nxd4 Nc6 10. Nxc6 bxc6 11. Be2 Bf5 12. Qb3 Ne4 13. cxd5 Nxc3 14. bxc3 cxd5 15. 0-0 Qa5 16. Rad1 e5 17. Bg5 Be6 18. Be7 Rfc8 19. Rc1 e4 20. Bb4 Qb6 21. c4 dxc4 22. Bxc4 Bxc4 23. Rxc4 a5 24. Bc5 Qxb3 25. axb3 Rab8 26. Bd4 Bxd4 27. Rxd4 f5 28. Rd5 Rxb3 29. Rxa5 Rbc3 30. g4 R3c5 31. Rfa1 Kg7 32. Rxc5 Rxc5 33. Ra7+ Kh6 34. Re7 Rc4 35. Kg2 fxg4 36. h4 Rc1 37. Rxe4 Kh5 38. Re7 Kxh4 39. Rxh7+ Kg5 40. Rh1 Rc5 41. Kg3 Rf5 42. Ra1 Rf3+ 43. Kg2 Rf5 44. Ra4 Rf3 45. Ra5+ Rf5 46. Ra6 Rf3 47. Rd6 Rf5 48. Rd4 Rf3 49. Rd5+ Rf5 50. Rd1 Rf3 51. Rg1 Kh4 52. e4 Rf4 53. Re1 Kg5 54. e5 Rf7 55. Kg3 Rf3+ 56. Kg2 1/2-1/2

[Event "UKR-ch (Women) 81st"]
[Site "Kharkov"]
[Date "2021.12.14"]
[Round "6"]
[White "Martynkova, Olena"]
[Black "Dolzhikova, Kateryna"]
[Result "1/2-1/2"]
[WhiteElo "2180"]
[BlackElo "2161"]
[PlyCount "52"]
[EventDate "2021.12.08"]
[EventType "tourn"]
[EventRounds "9"]
[EventCountry "UKR"]
[SourceTitle "CBM 205 Extra"]
[Source "ChessBase"]
[SourceDate "2022.01.31"]
[SourceVersion "1"]
[SourceVersionDate "2022.01.31"]
[SourceQuality "1"]

1. d4 Nf6 2. c4 g6 3. Nf3 Bg7 4. g3 d6 5. Bg2 0-0 6. 0-0 Bf5 7. Nc3 Ne4 8. Nd5 c6 9. Nf4 e5 10. dxe5 dxe5 11. Nd3 Nxg3 12. fxg3 e4 13. Nh4 exd3 14. Nxf5 dxe2 15. Qxe2 gxf5 16. Rxf5 Re8 17. Qf1 Nd7 18. Kh1 Ne5 19. Bf4 Qd7 20. Bxe5 Rxe5 21. Rxe5 Bxe5 22. Rd1 Qg4 23. Re1 Qh5 24. Qd3 Bf6 25. Qf3 Qxf3 26. Bxf3 Rd8 1/2-1/2

[Event "UKR-ch (Women) 81st"]
[Site "Kharkov"]
[Date "2021.12.13"]
[Round "5"]
[White "Babiy, Olga"]
[Black "Martynkova, Olena"]
[Result "1-0"]
[WhiteElo "2259"]
[BlackElo "2180"]
[PlyCount "101"]
[EventDate "2021.12.08"]
[EventType "tourn"]
[EventRounds "9"]
[EventCountry "UKR"]
[SourceTitle "CBM 205 Extra"]
[Source "ChessBase"]
[SourceDate "2022.01.31"]
[SourceVersion "1"]
[SourceVersionDate "2022.01.31"]
[SourceQuality "1"]

1. e4 e5 2. Nf3 Nc6 3. Bb5 a6 4. Ba4 Nf6 5. 0-0 Be7 6. Re1 b5 7. Bb3 d6 8. c3 0-0 9. h3 Nb8 10. d4 Nbd7 11. Nbd2 Bb7 12. Bc2 Re8 13. Nf1 Bf8 14. Ng3 g6 15. a4 c5 16. d5 c4 17. Bg5 h6 18. Be3 Nc5 19. Qd2 h5 20. Bxc5 dxc5 21. Qg5 Nd7 22. Qxd8 Rexd8 23. Nf1 Rdb8 24. g4 hxg4 25. hxg4 Bd6 26. g5 Bc8 27. Ne3 Nb6 28. Kg2 Bd7 29. a5 Nc8 30. Nh2 Ne7 31. Bd1 Kg7 32. Bg4 Bxg4 33. Nexg4 Ng8 34. Nf3 Re8 35. Rh1 f5 36. gxf6+ Nxf6 37. Nxf6 Kxf6 38. Rh7 Re7 39. Rxe7 Bxe7 40. Rh1 Ra7 41. Rh7 Rc7 42. Rh8 Rd7 43. Rh7 Rc7 44. Kh3 Rd7 45. Kg4 Rc7 46. Rh8 Rd7 47. Ra8 Rd6 48. Ra7 Bd8 49. Ng5 Be7 50. f4 exf4 51. Kxf4 1-0

[Event "Speed Chess (Women) Q2"]
[Site "Chess.com INT"]
[Date "2021.05.29"]
[Round "7"]
[White "Avramidou, Anastasia"]
[Black "Martynkova, Olena"]
[Result "1/2-1/2"]
[WhiteElo "2238"]
[BlackElo "2195"]
[PlyCount "95"]
[EventDate "2021.05.29"]
[EventType "swiss (blitz)"]
[EventRounds "13"]
[EventCountry "USA"]
[SourceTitle "CBM 202 Extra"]
[Source "ChessBase"]
[SourceDate "2021.07.31"]
[SourceVersion "1"]
[SourceVersionDate "2021.07.31"]
[SourceQuality "1"]

1. d4 d5 2. c4 c6 3. cxd5 cxd5 4. Nc3 Nc6 5. Bf4 a6 6. e3 Nf6 7. Bd3 Bg4 8. Nge2 Bxe2 9. Qxe2 e6 10. h3 Bd6 11. Bxd6 Qxd6 12. 0-0 0-0 13. Rfc1 Rfc8 14. Na4 Qd8 15. Nc5 a5 16. Nxb7 Qb6 17. Nc5 e5 18. dxe5 Nxe5 19. Nb3 a4 20. Rxc8+ Rxc8 21. Bf5 Rb8 22. Nd4 Qxb2 23. Qxb2 Rxb2 24. Rc1 g6 25. Bb1 Ne4 26. Bxe4 dxe4 27. Rc2 Rxc2 28. Nxc2 Nd3 29. Kf1 f5 30. Nd4 Kf7 31. Nb5 Ke6 32. Nc3 a3 33. Nb1 Nb4 34. Nxa3 Nxa2 35. Ke2 Nb4 36. Nb5 Ke5 37. Nd4 g5 38. g3 h5 39. f4+ exf3+ 40. Kxf3 g4+ 41. hxg4 hxg4+ 42. Ke2 Ke4 43. Ne6 Nd5 44. Nc5+ Ke5 45. Nd3+ Ke4 46. Nc5+ Ke5 47. Nd3+ Ke4 48. Nc5+ 1/2-1/2